Az Egri borvidék bemutatása a Gál Tibor Fúzió példáján keresztül

Bibliographic Details
Main Author: Fülöp Fanni
Other Authors: Lenkovics Dr. Beatrix
Format: Thesis
Kulcsszavak:bor
borászat
borturizmus
rendezvények
vendéglátás
Online Access:http://dolgozattar.uni-bge.hu/60165

MARC

LEADER 00000nta a2200000 i 4500
001 dolg60165
005 20260409150056.0
008 260409suuuu hu om 000 hun d
040 |a BGE Dolgozattár Repozitórium  |b hun 
041 |a hu 
100 1 |a Fülöp Fanni 
245 1 3 |a Az Egri borvidék bemutatása a Gál Tibor Fúzió példáján keresztül  |c Fülöp Fanni  |h [elektronikus dokumentum] 
520 3 |a A szakdolgozatom célja az Egri borvidék átfogó bemutatása a Gál Tibor Fúzió példáján keresztül. Különös figyelmet szenteltem kutatásom során a hazai borfogyasztási szokások, illetve a jelenlegi trendek vizsgálatára. A kutatásom során kvalitatív módszerrel, 3 db szakértői interjút készítettem, amelynek interjúalanyai Gál Tibor, Csóré Csaba és Kovács Nimród volt. Az interjúkon szerzett tapasztalatok alapján kijelenthető, hogy a borfogyasztás népszerűsége visszaeső tendenciát mutat, viszont megfelelő kommunikációval, innovatív márkaépítéssel és élményalapú lehetőségekkel a fiatal generáció figyelme is is fenntartható. A dolgozat gyakorlati példákon keresztül igyekszik bemutatni az Egri borvidék jelenlegi kínálatát, illetve lehetőségeit és emellett szemlélteti a borok világának kiemelt és összetett értékét. 
695 |a bor 
695 |a borászat 
695 |a borturizmus 
695 |a rendezvények 
695 |a vendéglátás 
700 1 |a Lenkovics Dr. Beatrix  |e ths 
856 4 0 |u http://dolgozattar.uni-bge.hu/60165/1/Szakdolgozat_FPZOCF.pdf  |z Dokumentum-elérés 
856 4 0 |u http://dolgozattar.uni-bge.hu/60165/2/Fu%3Flo%3Fp_Szakdolgozat%20bi%3Fr%20a%CC%81lati%20lap%20magyar%202025.pdf  |z Dokumentum-elérés 
856 4 0 |u http://dolgozattar.uni-bge.hu/60165/3/2.%20F%C3%BCl%C3%B6p%20Fanni%20Szakdolgozat%20b%C3%ADr%C3%A1lati%20lap%20magyar%202025.pdf  |z Dokumentum-elérés